000 01060nam a22003137a 4500
003 CHAP
005 20220329135235.0
008 971013s1971 r 00010 d
010 _a33133
011 _a34105
035 _a38221
040 _cCHAP
090 _aFolleto 2989
100 0 0 _aElizarrarás Ortiz, Ramón.
_936313
245 _aVariedades de algodonero para el Valle del Fuerte; ciclo 1971-1972.
260 _aLos Mochis, Sin. :
_bCampo Agrícola Experimental del Valle del Fuerte,
_c1971
300 _a7 h.
590 _aBATCH-UPD
_b10
_c20130110
_lUCH01
_h2130
590 _aBATCH-UPD
_b10
_c20130410
_lUCH01
_h1439
590 _aBATCH-UPD
_b10
_c20130914
_lUCH01
_h1601
590 _aCONVERSION
_b10
_c20130109
_lUCH01
_h1319
650 1 4 _aAlgodon
_xSinaloa.
_94058
650 1 4 _aAlgodon
_xVariedades.
_94068
901 _aBK
942 _cFOLL
949 _aFolleto 2989
_bBC
_cFOLL
_d-87357
_eTS1
_i38221
_mD
_si
949 _aFolleto 2989
_bBC
_cFOLL
_d-87358
_eTS2
_fc.2
_i38221
_mD
_si
949 _aFolleto 2989
_bBC
_cFOLL
_d-87359
_eTS2
_fc.3
_i38221
_mD
_si
999 _c33133
_d33133